El marco institucional de dos procesos de integración con éxito (Registro nro. 158699)

Detalles MARC
000 -LEADER
fixed length control field 01120ny a22002413n 4500
008 - FIXED-LENGTH DATA ELEMENTS--GENERAL INFORMATION
fixed length control field 080610s2005 sp s 000 0 spa c
035 ## -
-- 1274
040 ## - CATALOGING SOURCE
Original cataloging agency UMA.RE
Modifying agency vLex
080 ## -
-- 339-67(4-672 UE)
080 ## -
-- 339.923(8=6 MERCOSUR)(0.034)
090 ## -
-- 161
-- 161
100 1# - MAIN ENTRY--PERSONAL NAME
Personal name Valsera Prieto, Ana Belén
245 13 - TITLE STATEMENT
Title El marco institucional de dos procesos de integración con éxito
Medium [Recurso electrónico]
Remainder of title UE y MERCOSUR /
Statement of responsibility, etc Ana Belén Valsera Prieto
256 ## -
-- Servicio en línea
260 ## - PUBLICATION, DISTRIBUTION, ETC. (IMPRINT)
Place of publication, distribution, etc Barcelona :
Name of publisher, distributor, etc vLex,
Date of publication, distribution, etc 2005
506 1# - RESTRICTIONS ON ACCESS NOTE
Terms governing access Contenido solo disponible en los productos indicados
Authorized users vLex Global
-- vLex Global (Academic Edition, excluding Law Schools)
-- vLex Global (U.S. Academic Edition, Law Schools)
-- vLex Global (U.S. Academic Edition, excluding Law Schools)
-- vLex Global (Academic Edition, Law Schools)
650 07 - SUBJECT ADDED ENTRY--TOPICAL TERM
Source of heading or term Tesauro vLex
Topical term or geographic name as entry element Comunitario
650 07 - SUBJECT ADDED ENTRY--TOPICAL TERM
Source of heading or term Tesauro vLex
Topical term or geographic name as entry element Derecho comunitario
740 0# -
-- vLex Libros (Servicios en línea)
856 40 - LOCALIZACIÓN Y ACCESO ELECTRÓNICO
Identificador Uniforme del Recurso (URI/URL) https://app.vlex.com/#/sources/marco-institucional-procesos-integracion-ue-mercosur-1274
942 ## -
-- RAA
999 ## -
-- 158699
-- 158699

No hay ítems disponibles.


CONTACTO


NOSOTROS


SITIOS DE INTERES

coordinacion.biblioteca.biblioteca@unienlinea.mx Misión, Visión y Objetivos Bases de datos
Directorio Bibliotecas Digitales y Repositorios
Normatividad Revistas y artículos
Convenios interbibliotecarios
Boletines



Hecho en México. Universidad Insurgentes (UIN). Todos los derechos reservados 2024. Esta página y sus contenidos pueden ser reproducidos con fines no lucrativos, siempre y cuando no se mutile, se cite la fuente completa y su dirección electrónicas. De otra forma requiere permiso previo por escrito de la institución




2024 Copyright Universidad Insurgentes | www.bibliouin.com.mx